000 00400nam a2200169Ia 4500
008 210210b1990 xxu||||| |||| 00| 0 eng d
020 _a81 7041 265 X
082 _a597 BHAI
100 _aBHAMRAH (H S)
245 _aIntroduction to Fishes.
260 _aND
_bAnmol Publications
_c1990
300 _a189
650 _aFishes
690 _aZoology
700 _aJUNEJA (Kavita).
906 _a046954
999 _c96396
_d96396